Computer Security (Record no. 216099)

MARC details
000 -LEADER
fixed length control field 00531nam a22001817a 4500
008 - FIXED-LENGTH DATA ELEMENTS--GENERAL INFORMATION
fixed length control field 250916b |||||||| |||| 00| 0 eng d
020 ## - INTERNATIONAL STANDARD BOOK NUMBER
International Standard Book Number 9798887150437
050 ## - LIBRARY OF CONGRESS CALL NUMBER
Classification number QA 76.9 .A25 S73 2023
Item number C.1
100 ## - MAIN ENTRY--PERSONAL NAME
Personal name Stallone, Chris
245 ## - TITLE STATEMENT
Title Computer Security
250 ## - EDITION STATEMENT
Edition statement First Edition
260 ## - PUBLICATION, DISTRIBUTION, ETC.
Place of publication, distribution, etc. Dublin, OH
Name of publisher, distributor, etc. Oryson Press
Date of publication, distribution, etc. 2023
300 ## - PHYSICAL DESCRIPTION
Extent vi, 262p.
500 ## - GENERAL NOTE
General note Includes index
650 ## - SUBJECT ADDED ENTRY
Topical term or geographic name entry element 1. Network and system protection. 2. Cyber threats and mitigation strategies.
942 ## - ADDED ENTRY ELEMENTS (KOHA)
Source of classification or shelving scheme Library of Congress Classification
Koha item type Long Loan Book
Holdings
Withdrawn status Lost status Source of classification or shelving scheme Damaged status Not for loan Collection Home library Current library Date acquired Inventory number Total checkouts Full call number Barcode Date last seen Date last checked out Copy number Price effective from Koha item type
    Library of Congress Classification     Science & Technology Kisii University Library Kisii University Library 09/16/2025 109613 1 QA 76.9 .A25 S73 2023 000000019187 11/26/2025 11/12/2025 C.1 09/16/2025 Long Loan Book
    Library of Congress Classification     Science & Technology Kisii University Library Kisii University Library 09/16/2025 109614 1 QA 76.9 .A25 S73 2023 000000019188 01/20/2026 01/17/2026 C.2 09/16/2025 Long Loan Book
    Library of Congress Classification     Science & Technology Kisii University Library Kisii University Library 09/16/2025 109615 1 QA 76.9 .A25 S73 2023 000000019289 03/05/2026 02/19/2026 C.3 09/16/2025 Long Loan Book
    Library of Congress Classification     Science & Technology Kisii University Library Kisii University Library 09/16/2025 109616 2 QA 76.9 .A25 S73 2023 000000019290 04/10/2026 03/27/2026 C.4 09/16/2025 Long Loan Book